[Event "Santa Cruz de la Palma op"]
[Site "Santa Cruz"]
[Date "1995.??.??"]
[Round "?"]
[White "Lezcano Jaen, Pedro"]
[Black "Perdomo, Jose"]
[Result "1/2-1/2"]
[WhiteElo "2340"]
[BlackElo "2265"]

1.d4 Nf6 2.c4 g6 3.Nc3 Bg7 4.e4 d6 5.Be2 O-O 6.Nf3 e5 7.O-O Nc6 8.d5 Ne7
9.Ne1 Ne8 10.g4 f5 11.f3 f4 12.h4 Kf7 13.Bd2 Rh8 14.Nd3 Ng8 15.Be1 Bf6 16.g5 Be7  1/2-1/2

[Event "Santa Cruz de la Palma op"]
[Site "Santa Cruz"]
[Date "1995.??.??"]
[Round "?"]
[White "Brito, Alfredo"]
[Black "Touzane, Olivier"]
[Result "0-1"]
[WhiteElo "2345"]
[BlackElo "2310"]

1.d4 Nf6 2.Nf3 g6 3.c4 Bg7 4.Nc3 O-O 5.e4 d6 6.Be2 e5 7.O-O Nc6 8.d5 Ne7
9.b4 Nh5 10.Re1 h6 11.Nd2 Nf4 12.Bf1 f5 13.c5 fxe4 14.Ndxe4 Nf5 15.Ba3 Rf7
16.Rc1 Nd4 17.Nb5 Nxg2 18.Kxg2 Nf3 19.Qxf3 Rxf3 20.Kxf3 Qh4 21.Ng3 Bg4+ 22.Kg2 Rf8
23.Kg1 e4 24.Rxe4 Be5 25.Bg2 h5 26.Rf1 Qd8 27.Nd4 Qf6 28.Ne6 Bxe6 29.dxe6 d5
30.Re3 c6 31.e7 Re8 32.Rfe1 Bd4 33.R3e2 Rxe7 34.Rxe7 Bxf2+ 35.Kh1 Bxe1 36.Re8+ Kg7
37.Rxe1 Qc3 38.Re7+ Kh6 39.Rxb7 Qxa3 40.Rc7 h4 41.Ne2 h3 42.Bf1 Qf3+ 43.Kg1 d4  0-1

[Event "Schwaebisch Gmuend op"]
[Site "Schwaebisch Gmuend"]
[Date "1995.??.??"]
[Round "?"]
[White "Ikonnikov, Vyacheslav"]
[Black "Matthaei, Alexander"]
[Result "1-0"]
[WhiteElo "2555"]
[BlackElo "2320"]

1.d4 Nf6 2.Nf3 g6 3.c4 Bg7 4.Nc3 O-O 5.e4 d6 6.Be2 e5 7.O-O Nc6 8.d5 Ne7
9.Ne1 Nd7 10.Be3 f5 11.f3 f4 12.Bf2 g5 13.a4 Nf6 14.a5 h5 15.c5 g4 16.cxd6 cxd6
17.Bh4 g3 18.hxg3 Ng6 19.Bg5 fxg3 20.Nd3 Qe8 21.f4 exf4 22.Nxf4 Nxf4 23.Bxf4 Nxe4
24.Bxh5 Qe7 25.Nxe4 Qxe4 26.Ra4 Qh7 27.Bxg3 Rxf1+ 28.Kxf1 Bf5 29.Rb4 Bc2
30.Qg4 Qd3+ 31.Kg1 Qxd5 32.Rf4 Kh8 33.Bf7 Qc5+ 34.Bf2 Qc7 35.Qh5+ Bh7 36.Rc4  1-0

[Event "Schwaebisch Gmuend op"]
[Site "Schwaebisch Gmuend"]
[Date "1995.??.??"]
[Round "?"]
[White "Ikonnikov, Vyacheslav"]
[Black "Link, Michael"]
[Result "1/2-1/2"]
[WhiteElo "2555"]
[BlackElo "2295"]

1.d4 Nf6 2.Nf3 g6 3.c4 Bg7 4.Nc3 O-O 5.e4 d6 6.Be2 e5 7.O-O Nc6 8.d5 Ne7
9.Ne1 Ne8 10.Be3 c5 11.dxc6 bxc6 12.Qd2 Be6 13.Rd1 Qc7 14.b4 Rd8 15.b5 d5
16.Bc5 cxb5 17.Bxe7 Qxe7 18.cxd5 a6 19.Nd3 Bd7 20.Qb2 Rc8 21.Rc1 Nd6 22.Nb4 Nc4
23.Bxc4 Rxc4 24.Nc6 Qd6 25.Na5 Rc7 26.Qd2 Rfc8 27.Ne2 b4 28.Rxc7 Rxc7 29.Rc1 Bb5
30.Rxc7 Qxc7 31.Nc6 Bf8 32.Nc1 a5 33.Nd3 Bd6 34.Qc2 f6 35.g3 Kf7 36.Nb2 Ke8
37.Nc4 a4 38.Nxd6+ Qxd6 39.Na5 Kd7 40.Qd2 Qc5 41.Qh6 Kc7 42.h4 Kb6 43.Nc6 b3
44.Qd2 Bxc6 45.dxc6 Qd4 46.c7 Qxd2 47.c8=Q bxa2  1/2-1/2

[Event "Asia-chT"]
[Site "Singapore"]
[Date "1995.??.??"]
[Round "4"]
[White "Sharavdorj, Dashzeveg"]
[Black "Irzhanov, Ruslan"]
[Result "1/2-1/2"]
[WhiteElo "2375"]
[BlackElo "2480"]

1.d4 Nf6 2.c4 g6 3.Nc3 Bg7 4.e4 d6 5.Be2 O-O 6.Nf3 e5 7.O-O Nc6 8.d5 Ne7
9.Ne1 Ne8 10.Nd3 f5 11.Bd2 fxe4 12.Nxe4 Nf6 13.f3 Nf5 14.Ndf2 Kh8 15.g4 Nd4
16.Be3 c6 17.Nxf6 Qxf6 18.Ne4 Qe7 19.Kg2 cxd5 20.cxd5 b6 21.Bd3 Bb7 22.Nc3 Rac8
23.Be4 Rc5 24.Qd3 b5 25.b4 Rc4 26.Nxb5 Rxb4 27.Nxd4 exd4 28.Bd2 Rb2 29.Rf2 Qf7
30.Qa3 d3 31.Bc3 Rxf2+ 32.Kxf2 Bxd5 33.Bxd5 Qxd5 34.Bxg7+ Kxg7 35.Qxa7+ Rf7
36.Qe3 Rc7 37.Rd1 Qxa2+ 38.Kg3 Qe2 39.Qd4+ Qe5+  1/2-1/2

[Event "Sitges op"]
[Site "Sitges"]
[Date "1995.??.??"]
[Round "2"]
[White "Fernandez, Juan Luis"]
[Black "Vilalta, L."]
[Result "1-0"]
[WhiteElo "2305"]
[BlackElo "2125"]

1.c4 Nf6 2.Nc3 g6 3.e4 Bg7 4.d4 d6 5.Nf3 O-O 6.Be2 e5 7.O-O Nc6 8.d5 Ne7
9.b4 Nh5 10.c5 h6 11.Nd2 Nf4 12.Nc4 f5 13.f3 Nxe2+ 14.Qxe2 f4 15.a4 Rf6 16.Ba3 Bf8
17.Rac1 Kh8 18.Nb5 Ng8 19.Bb2 a6 20.Nba3 Qe8 21.cxd6 Bxd6 22.Bc3 Bd7 23.Qb2 Kh7
24.Nxe5 Bxa4 25.Nec4 Rf7 26.e5 Bf8 27.e6 Rf5 28.Be5 Qd8 29.d6 Bxd6 30.Nxd6 cxd6
31.Bd4 Bc6 32.Nc4 Qh4 33.Nxd6 Rh5 34.h3 Qg3 35.Bh8  1-0

[Event "SLO-chT"]
[Site "?"]
[Date "1995.??.??"]
[Round "3"]
[White "Polajzer, Danilo"]
[Black "Cigan, Stefan"]
[Result "1/2-1/2"]
[WhiteElo "2435"]
[BlackElo "2370"]

1.Nf3 Nf6 2.c4 g6 3.Nc3 Bg7 4.e4 d6 5.d4 O-O 6.Be2 e5 7.O-O Nc6 8.Be3 Ng4
9.Bg5 f6 10.Bc1 Nh6 11.c5 dxc5 12.dxc5 Be6 13.Qa4 a6 14.Bc4 Qc8 15.Bxe6+ Qxe6
16.Nd5 Rf7 17.h3 Kh8 18.Be3 Rd8 19.Rad1 Rfd7 20.Nc3 Ne7  1/2-1/2

[Event "SLO-chT"]
[Site "?"]
[Date "1995.??.??"]
[Round "6"]
[White "Polajzer, Danilo"]
[Black "Tratar, Marko"]
[Result "1/2-1/2"]
[WhiteElo "2435"]
[BlackElo "2405"]

1.d4 Nf6 2.c4 g6 3.Nc3 Bg7 4.e4 d6 5.Nf3 O-O 6.Be2 e5 7.O-O Nc6 8.Be3 Re8
9.dxe5 dxe5 10.Qxd8 Nxd8 11.Nb5 Ne6 12.Ng5 Re7 13.Rfd1 b6 14.a4 c6 15.Nd6 Nd4
16.Bxd4 exd4 17.Rxd4 Ne8 18.Nxc8 Rxc8 19.Rd2 h6 20.Nf3 Rxe4 21.Rad1 Kf8  1/2-1/2

[Event "Sollentuna op"]
[Site "Sollentuna"]
[Date "1995.??.??"]
[Round "6"]
[White "Dzevlan, Miralem"]
[Black "Ostergaard, Dan"]
[Result "0-1"]
[WhiteElo "2385"]
[BlackElo "2245"]

1.d4 Nf6 2.c4 g6 3.Nc3 Bg7 4.e4 d6 5.Be2 O-O 6.Nf3 e5 7.O-O Nc6 8.d5 Ne7
9.Ne1 Nd7 10.Be3 f5 11.f3 f4 12.Bf2 g5 13.a4 Rf6 14.a5 a6 15.Na4 Rh6 16.Nd3 Qe8
17.Be1 Ng6 18.Nf2 Nf6 19.c5 Nh4 20.cxd6 cxd6 21.h3 Qh5 22.Ng4 Nxg2 23.Nxh6+ Bxh6
24.Kxg2 Bxh3+ 25.Kg1 Bxf1 26.Bxf1 g4 27.Bg2 Kh8 28.Rc1 Rg8 29.Rc3 gxf3 30.Qxf3 Ng4
31.Qh3 Qg6 32.Nb6 Ne3 33.Rxe3 fxe3 34.Nc4 Qxe4 35.Nxd6 Qxd5 36.Nf7+ Qxf7
37.Qxh6 e2 38.Bf2 Qf3  0-1

[Event "St Petersburg op"]
[Site "St Petersburg"]
[Date "1995.??.??"]
[Round "1"]
[White "Alexandria, Nana"]
[Black "Sakaev, Konstantin"]
[Result "1/2-1/2"]
[WhiteElo "2350"]
[BlackElo "2535"]

1.d4 Nf6 2.c4 g6 3.Nc3 Bg7 4.e4 d6 5.Nf3 O-O 6.Be2 e5 7.O-O Nc6 8.Be3 Ng4
9.Bg5 f6 10.Bh4 g5 11.Bg3 Nh6 12.dxe5 fxe5 13.c5 g4 14.Nd2 dxc5 15.Nb3 Nd4
16.Bc4+ Nf7 17.Nxc5 h5 18.Nd3 Be6 19.Bxe6 Nxe6 20.f3 h4 21.Bf2 h3 22.Be3 hxg2
23.Kxg2 Qh4 24.fxg4 Rad8 25.Qe2 Nd4 26.Bxd4 exd4 27.Nd5 Ne5 28.h3 Nxd3 29.Qxd3 c6
30.Nf4 Qh6 31.Nh5 Be5 32.b3 Qe3 33.Rad1 Qxd3 34.Rxd3 Rxf1 35.Kxf1 b5 36.b4 a5
37.a3 axb4 38.axb4 Ra8 39.Ng3 Ra1+ 40.Ke2 Ra2+ 41.Kd1 Bxg3 42.Rxg3 Rb2 43.Rf3 Rxb4
44.e5 Rb1+ 45.Kd2 Rb2+ 46.Kd1  1/2-1/2

[Event "Chigorin mem"]
[Site "St Petersburg"]
[Date "1995.??.??"]
[Round "3"]
[White "Sakaev, Konstantin"]
[Black "Loskutov, Oleg"]
[Result "1/2-1/2"]
[WhiteElo "2570"]
[BlackElo "2390"]

1.d4 Nf6 2.Nf3 g6 3.c4 Bg7 4.Nc3 O-O 5.e4 d6 6.Be2 e5 7.O-O Nc6 8.d5 Ne7
9.Nd2 c6 10.a3 Ne8 11.b4 Kh8 12.Nb3 f5 13.dxc6 Nxc6 14.f3 Nc7 15.Be3 Ne6
16.Rc1 Ncd4 17.Nd5 fxe4 18.fxe4 Rxf1+ 19.Bxf1 Qh4 20.Bf2 Qd8 21.c5 dxc5 22.Nxc5 Nxc5
23.Rxc5 Ne6 24.Rc1 Bd7 25.Qf3 b6 26.h4 Rc8 27.Rxc8 Qxc8 28.Nf6 Bc6 29.b5 Bb7
30.Nd5 Qf8 31.Bc4 Nf4 32.Nb4 Qc8 33.Bd5 Bxd5 34.exd5 Bf8 35.Nc6 Qf5 36.g3 Nh3+
37.Kg2 Nxf2 38.Qxf2 Bxa3 39.Qxf5 gxf5 40.Nxe5 Kg7 41.Kf3 Kf6 42.Nc4 Bc1 43.Ke2 Ke7
44.Kd3 Kf6 45.Kd4 h5 46.d6 f4 47.gxf4 Bxf4 48.Kd5 Bg3  1/2-1/2

[Event "St Petersburg op"]
[Site "St Petersburg"]
[Date "1995.??.??"]
[Round "5"]
[White "Sirotkina, Nina"]
[Black "Klimov, Sergey"]
[Result "0-1"]
[WhiteElo "2200"]
[BlackElo "2235"]

1.d4 Nf6 2.c4 g6 3.Nc3 Bg7 4.e4 O-O 5.Nf3 d6 6.Be2 e5 7.O-O Nc6 8.Be3 Re8
9.dxe5 dxe5 10.h3 b6 11.c5 Bb7 12.Qa4 Nd4 13.Nxd4 exd4 14.Bxd4 Nxe4 15.Rad1 Nxc5
16.Bxc5 Qg5 17.Qg4 Qxc5 18.Rc1 h5 19.Qf4 Qe5 20.Qxe5 Bxe5 21.Bb5 c6 22.Bc4 Rad8
23.Rcd1 b5 24.Bb3 a5 25.a3 Bxc3 26.bxc3 c5 27.Rxd8 Rxd8 28.Rd1 Rxd1+ 29.Bxd1 Bd5
30.Kf1 b4 31.cxb4 cxb4 32.axb4 axb4 33.Bc2 Ba2 34.Bd3 Kg7 35.Ke2 Kf6 36.Ke3 Ke5
37.h4 Kd5 38.Be4+ Kc4 39.Kd2 b3 40.Bd3+ Kd4  0-1

[Event "St Petersburg op"]
[Site "St Petersburg"]
[Date "1995.??.??"]
[Round "6"]
[White "Notkin, Maksim"]
[Black "Petrushin, Alexander I"]
[Result "1/2-1/2"]
[WhiteElo "2485"]
[BlackElo "2485"]

1.d4 Nf6 2.c4 g6 3.Nc3 Bg7 4.e4 d6 5.Nf3 O-O 6.Be2 e5 7.O-O Nc6 8.d5 Ne7
9.Nd2 Ne8 10.b4 f5 11.f3 Bh6 12.Kh1 fxe4 13.fxe4 Rxf1+ 14.Qxf1 Kg7 15.c5 Ng8
16.Nc4 Bxc1 17.Rxc1 Nh6 18.a4 Bg4 19.Bd3 Qg5 20.Rc2 Rd8 21.Qg1 Rd7 22.c6 bxc6
23.dxc6 Rf7 24.Qxa7 Rf3 25.Rd2 d5 26.Nxd5 Rxd3 27.Rxd3 Qc1+ 28.Qg1 Qxc4 29.Qe3 Qxc6
30.h3 Be6 31.Qc5 Bxd5 32.Rxd5 Qxa4 33.Qe7+ Nf7 34.Rd7 Nd6 35.Rxc7 Qxb4 36.Qxe5+ Kg8
37.Qf6 Qxe4 38.Rd7 Qe1+ 39.Kh2 Qe8 40.Re7 Qb8 41.Kh1 Qb1+ 42.Kh2 Qb8 43.Kh1 Qd8
44.Qe6 Kf8 45.Rd7 Qg5 46.Kg1 Qf4 47.Qd5 Qf6 48.Qa8+ Kg7 49.Qd5 Nf5 50.Kh2 h5
51.Rc7 Ne7 52.Qc5 Nd5 53.Rd7 Qf4+ 54.Kg1 Nf6 55.Re7 h4 56.Qf2 Qd6 57.Rb7 Qd1+
58.Kh2 Qd5 59.Ra7 g5 60.Qb2 Qe6 61.Qd4 Kh6 62.Rb7 Ne5 63.Rb6 Qf5 64.Qd8 Kg7
65.Rb7+ Kg6 66.Rb6 Kg7 67.Rb7+ Nf7 68.Qd4 Qe6 69.Rb6 Qe7 70.Ra6 Kg6 71.Qd3+ Kh6
72.Qd4 Ne5 73.Qd6 Qxd6 74.Rxd6 Kg7 75.Re6 Ng6 76.g3 Nh5 77.gxh4 Nxh4 78.Ra6 Nf6
79.Kg3 Kg6 80.Rb6 Nf5+ 81.Kf3 Ne7 82.Ra6 Kf5 83.Ra5+ Ned5 84.Kg3 Nh5+ 85.Kf3 Nf4
86.Kg3 Kg6 87.h4  1/2-1/2

[Event "St Petersburg op"]
[Site "St Petersburg"]
[Date "1995.??.??"]
[Round "6"]
[White "Volzhin, Alexander"]
[Black "Loskutov, Oleg"]
[Result "1-0"]
[WhiteElo "2425"]
[BlackElo "2305"]

1.d4 Nf6 2.c4 g6 3.Nc3 Bg7 4.e4 d6 5.Nf3 O-O 6.Be2 e5 7.O-O Nc6 8.d5 Ne7
9.Nd2 c6 10.Rb1 b5 11.dxc6 b4 12.Nd5 Nxc6 13.Nxf6+ Bxf6 14.Nf3 Bg4 15.Ne1 Bxe2
16.Qxe2 b3 17.axb3 Rb8 18.Qd1 Bg5 19.Nf3 Bxc1 20.Rxc1 Qe7 21.Rc3 Nb4 22.Qd2 Na6
23.Re3 Rb6 24.Ra1 Rfb8 25.Ra3 Nc5 26.Qd1 Qb7 27.Nd2 Ra8 28.f3 a5 29.Nf1 Qa7
30.h3 Rab8 31.Kh2 a4 32.bxa4 Rxb2 33.Qxd6 Rf2 34.Re1 Rbb2 35.Ne3 Qa5 36.Rg1 Qb4
37.Raa1 Rxf3 38.Rae1 Qa3 39.Qd8+ Kg7 40.Qe7 Rxe3 41.Rxe3 Qxe3 42.Qxe5+ f6
43.Qxb2 Qf4+ 44.g3 Qxe4 45.a5 Qxc4 46.Rc1 Qd5 47.Qg2 Qd6 48.Rc2 h5 49.Qd2 Qc7
50.Qe3  1-0

[Event "St Petersburg op"]
[Site "St Petersburg"]
[Date "1995.??.??"]
[Round "6"]
[White "Ulibin, Mikhail"]
[Black "Ragozin, Evgeni"]
[Result "1/2-1/2"]
[WhiteElo "2540"]
[BlackElo "2435"]

1.d4 Nf6 2.c4 g6 3.Nc3 Bg7 4.e4 d6 5.Nf3 O-O 6.Be2 e5 7.O-O Nc6 8.d5 Ne7
9.Nd2 a5 10.a3 Nd7 11.Rb1 f5 12.b4 Kh8 13.Qc2 Ng8 14.exf5 gxf5 15.f4 Ne7
16.Nf3 exf4 17.Bxf4 Ne5 18.Qd2 axb4 19.axb4 Nf7 20.Nd4 Ng6 21.Be3 f4 22.Bxf4 Nxf4
23.Qxf4 Ng5 24.Qd2 Bd7 25.Kh1 Qe7 26.Nf3 Nxf3 27.Bxf3 Qh4 28.Ne4 Bf5 29.g3 Qe7
30.Rfe1 Be5 31.Rb3 Qg7 32.Ng5 Rf6 33.Be4 Qf8 34.Bxf5 Rxf5 35.Ne6 Qf6 36.Kg2 c6
37.Rd3 cxd5 38.cxd5 Rc8 39.Qe2 Rg8 40.Rc1 Qg6 41.Rc4 Qh6 42.Rg4 Rc8 43.Rd2 Qh5
44.Ra2 Qf7 45.Rc2 Re8 46.Rc7 Qh5 47.Re4 Qg6 48.Ng7 Rd8 49.Nxf5 Qxf5 50.Rec4 b5
51.Rc2 Rf8 52.Rb7 Bxg3 53.hxg3 Qxd5+ 54.Kh2 Qxb7 55.Qe6 Qb6 56.Qe7 Qd8 57.Rc7 Rf2+
58.Kh3 Qxe7 59.Rxe7 Rd2 60.Rb7 Rd5 61.g4 Kg8 62.Kh4 h6 63.Rd7 Rd4 64.Kh5 Kf8
65.Rh7 Rxb4  1/2-1/2

[Event "Furman mem"]
[Site "St Petersburg"]
[Date "1995.??.??"]
[Round "6"]
[White "Vladimirov, Boris T"]
[Black "Zaitsev, Igor A"]
[Result "1/2-1/2"]
[WhiteElo "2405"]
[BlackElo "2470"]

1.d4 Nf6 2.c4 g6 3.Nc3 Bg7 4.e4 d6 5.Nf3 O-O 6.Be2 e5 7.O-O Nc6 8.d5 Ne7
9.Ne1 c6 10.Be3 b6 11.dxc6 Nxc6 12.Nc2 Be6 13.Qd2 Ng4 14.Bxg4 Bxg4 15.f3 Be6
16.b3 Qe7 17.Nb5 Rad8 18.Nb4 Nxb4 19.Qxb4 f5 20.Rad1 fxe4 21.fxe4 Qh4 22.Nxa7 Qxe4
23.Bxb6 Bh6 24.Rxf8+ Rxf8 25.Qe1 Qc2 26.Ra1 Bg4 27.Be3 Bxe3+ 28.Qxe3 Qb2
29.Re1 Qxa2 30.Nb5 Rf6 31.Nc7 Bd7 32.Nd5 Rf7 33.h3 Bc6 34.Rd1 Qc2 35.Rc1 Qb2
36.Rd1 Qc2  1/2-1/2

[Event "Stockholm-B"]
[Site "Stockholm"]
[Date "1995.??.??"]
[Round "1"]
[White "Chernuschevich, Alexei"]
[Black "Couso, Luis"]
[Result "1-0"]
[WhiteElo "2380"]
[BlackElo "2335"]

1.d4 Nf6 2.c4 g6 3.Nc3 Bg7 4.e4 d6 5.Be2 O-O 6.Nf3 e5 7.O-O Nc6 8.d5 Ne7
9.Ne1 Ne8 10.f3 f5 11.g4 Kh8 12.Ng2 Ng8 13.h4 c6 14.Be3 cxd5 15.cxd5 Ngf6
16.Rc1 Bd7 17.a4 a6 18.b4 Rc8 19.a5 Nc7 20.Bf2 Nb5 21.Nxb5 axb5 22.Rxc8 Qxc8
23.exf5 gxf5 24.g5 Nh5 25.f4 Nxf4 26.Nxf4 exf4 27.Bd4 Qe8 28.Rxf4 Kg8 29.Rf2 Qe4
30.Bxg7 Kxg7 31.h5 Re8 32.Qd2 Re5 33.Bf3 Qh4 34.h6+ Kg8 35.Bg2 Qg3 36.Rf1 Kf7
37.Qf4 Qxf4 38.Rxf4 Re2 39.Rf1 Rb2 40.Rc1 Rxb4 41.Rc7 Ke7 42.Rxb7 Ra4 43.g6  1-0

[Event "SVK-chT"]
[Site "?"]
[Date "1995.??.??"]
[Round "?"]
[White "Safyanovsky, Mark"]
[Black "Manik, Mikulas"]
[Result "1-0"]
[WhiteElo "2415"]
[BlackElo "2380"]

1.d4 Nf6 2.Nf3 g6 3.c4 Bg7 4.Nc3 d6 5.e4 O-O 6.Be2 e5 7.O-O Nc6 8.d5 Ne7
9.Ne1 Nd7 10.Be3 f5 11.f3 f4 12.Bf2 g5 13.a4 h5 14.a5 Ng6 15.Nd3 Nf6 16.c5 g4
17.cxd6 cxd6 18.Nb5 g3 19.hxg3 fxg3 20.Bxg3 h4 21.Bf2 Nh5 22.Qd2 Nhf4 23.Nxf4 Nxf4
24.Be3 a6 25.Bxf4 Rxf4 26.Nd4 h3 27.g3 Bh6 28.Ne6 Bxe6 29.dxe6 Rf6 30.Qd5 Qe7
31.Rad1 Rd8 32.f4 Kh8 33.f5 Rff8 34.Rf3 Bg5 35.Kh2 Rc8 36.Rc3 Rxc3 37.bxc3 Rc8
38.Qxd6 Qxd6 39.Rxd6 Rxc3 40.Bh5 Rc7 41.Kxh3 Kg7 42.Bd1 Be7 43.Rd7 Rxd7 44.exd7 Bd8
45.Kg4 Kh6 46.Bb3 Bxa5 47.f6 Kg6 48.f7 Kg7 49.Kf5 b5 50.Kxe5 Bd8 51.Kd6 a5
52.e5 a4 53.e6 Kf8 54.Bc2  1-0

[Event "SVK-chT"]
[Site "?"]
[Date "1995.??.??"]
[Round "?"]
[White "Ftacnik, Lubomir"]
[Black "Oral, Tomas"]
[Result "1/2-1/2"]
[WhiteElo "2605"]
[BlackElo "2405"]

1.d4 Nf6 2.Nf3 g6 3.c4 Bg7 4.Nc3 O-O 5.e4 d6 6.Be2 e5 7.O-O Nc6 8.d5 Ne7
9.Ne1 Nd7 10.Be3 f5 11.f3 f4 12.Bf2 g5 13.b4 Ng6 14.c5 Nf6 15.Rc1 Rf7 16.a4 h5
17.cxd6 cxd6 18.a5 g4 19.Nb5 g3 20.Bxa7 Nh7 21.Kh1 Rxa7 22.Rxc8 Qxc8 23.Nxa7 Qd8
24.h3 Ng5 25.Qa4 Qb8 26.Nb5 Nxh3 27.Nd3 Ng5 28.Rc1 Qd8 29.Qc2 Nf8 30.Qc8 Qf6
31.Kg1 Rd7 32.Rc7 Nf7 33.Kf1 Qh4 34.Ke1 Qh1+ 35.Bf1 Rxc7 36.Nxc7 Qg1 37.Qh3 Qe3+
38.Be2 Qg1+ 39.Kd2 Qe3+ 40.Kd1 Qg1+ 41.Kd2 Qe3+ 42.Kd1 Qg1+ 43.Kd2 Qe3+  1/2-1/2

[Event "BCF-ch"]
[Site "Swansea"]
[Date "1995.??.??"]
[Round "1"]
[White "Sadler, Matthew"]
[Black "McFarland, Robert"]
[Result "1-0"]
[WhiteElo "2575"]
[BlackElo "2215"]

1.d4 Nf6 2.c4 g6 3.Nc3 Bg7 4.e4 d6 5.Nf3 O-O 6.Be2 e5 7.O-O Nc6 8.d5 Ne7
9.Bd2 c5 10.Rb1 Ne8 11.b4 b6 12.Qc1 f5 13.bxc5 bxc5 14.Rb3 Nf6 15.Ng5 Nxe4
16.Ncxe4 fxe4 17.g4 Kh8 18.Nxe4 Ng8 19.Bg5 Qc7 20.Qb2 h6 21.Bd2 Nf6 22.Nxf6 Rxf6
23.Rh3 Kg8 24.Bxh6 Bxh6 25.Rxh6 Qg7 26.Rh3 Rf4 27.Rg3 g5 28.h3 Ba6 29.Qc1 Raf8
30.Ra3 Bc8 31.Qc3 Qf6 32.f3 Qh6 33.Kg2 R8f7 34.Bd3 Qf8 35.Qc1 Kh8 36.Be4 Rb7
37.Rb3 Rxb3 38.axb3 Qd8 39.Qd2 Qc7 40.Ra1 a6 41.Kg3 Qb6 42.Qe3 Qc7 43.Rh1 Kg8
44.h4 Qe7 45.Qe2 Qf6 46.hxg5 Qxg5 47.Rh5 Qf6 48.Bh7+ Kf8 49.Be4 Kg8 50.Rh4 Bd7
51.Qe1 Bc8 52.Qd2 Bd7 53.b4 cxb4 54.Qxb4 Rxe4 55.Qb8+  1-0

[Event "BCF-ch"]
[Site "Swansea"]
[Date "1995.??.??"]
[Round "6"]
[White "Kelly, Bryan"]
[Black "Bates, Richard"]
[Result "1/2-1/2"]
[WhiteElo "2300"]
[BlackElo "2345"]

1.c4 g6 2.Nc3 Bg7 3.d4 Nf6 4.e4 d6 5.Nf3 O-O 6.Be2 e5 7.O-O Nc6 8.d5 Ne7
9.Ne1 Ne8 10.Be3 f5 11.f3 c5 12.dxc6 bxc6 13.Qd2 Be6 14.Rd1 Qc7 15.b4 a6
16.a4 Kh8 17.b5 axb5 18.axb5 d5 19.cxd5 cxd5 20.Nxd5 Bxd5 21.exd5 Nd6 22.Qb4 Rfc8
23.b6 Qd7 24.Kh1 Ra2 25.Rd2 Rxd2 26.Qxd2 Qb7  1/2-1/2

[Event "BCF-ch"]
[Site "Swansea"]
[Date "1995.??.??"]
[Round "7"]
[White "Mah, Karl"]
[Black "Hebden, Mark"]
[Result "1/2-1/2"]
[WhiteElo "2200"]
[BlackElo "2570"]

1.d4 Nf6 2.c4 g6 3.Nc3 Bg7 4.e4 d6 5.Be2 O-O 6.Nf3 e5 7.O-O Nc6 8.d5 Ne7
9.Ne1 Nd7 10.Nd3 f5 11.Bd2 Nf6 12.f3 f4 13.g4 g5 14.Be1 Ng6 15.c5 Rf7 16.a4 Bf8
17.cxd6 Bxd6 18.Kg2 h5 19.h3 Rh7 20.Bf2 Qe7 21.Rh1 hxg4 22.hxg4 Rxh1 23.Kxh1 Qh7+
24.Kg2 Nh4+ 25.Bxh4 Qxh4 26.Qe1 Qxe1 27.Rxe1 Bd7 28.b4 b6 29.Bd1 a5 30.b5 Be8
31.Be2 Bg6 32.Rc1 Re8 33.Nf2 Ba3 34.Rc2 Kg7 35.Bd3 Bc5 36.Ncd1 Re7 37.Bc4 Nd7
38.Nd3 Bd6 39.N1f2 Nf8 40.Bb3 Kf6 41.Rc4 Be8 42.Bd1 Rh7 43.Rc1 Nd7 44.Rc4 Kg6
45.Rc1 Nf6 46.Rc3 Kf7 47.Rc1 Ke7 48.Rc3 Kd8 49.Rc1 Bf7 50.Bb3 Ke7 51.Rc3 Nd7
52.Bd1 Rh8 53.Rc1 Bc5 54.Nxc5 Nxc5 55.Rc3 Bg6 56.Nd3 Nxd3 57.Rxd3 Be8 58.Rc3 Kd6
59.Be2 Rh6 60.Rc1 Kd7 61.Rc3 Kd6 62.Rc1 Kd7 63.Rc3 Kd6 64.Rc1 Kd7 65.Rc3 Rd6
66.Rc1 Rh6 67.Rc3 Kd8 68.Rc1 Bd7 69.Rc3 Bc8 70.Rc1 Kd7 71.Rc3 Bb7 72.Bc4 Kd6
73.Bb3 Kd7 74.Rc1 Kd8 75.Rc3 Bc8 76.Rc1 Bd7 77.Rc3 Rh4 78.Bd1 Rh6 79.Rc1  1/2-1/2

[Event "SWZ-chT"]
[Site "SWZ"]
[Date "1995.??.??"]
[Round "1"]
[White "Raeber, Markus"]
[Black "Lurje, Pawel"]
[Result "0-1"]
[WhiteElo "2115"]
[BlackElo "2215"]

1.d4 Nf6 2.c4 g6 3.Nc3 Bg7 4.e4 d6 5.Nf3 O-O 6.Be2 e5 7.O-O Nc6 8.d5 Ne7
9.b4 Nh5 10.g3 f5 11.Ng5 Nf6 12.f3 f4 13.Kg2 Nh5 14.g4 Bf6 15.Ne6 Bxe6 16.dxe6 Ng7
17.c5 Nc6 18.Bc4 Be7 19.cxd6 cxd6 20.Nd5 Nd4 21.Bxf4 b5 22.Nxe7+ Qxe7 23.Bd5 Rac8
24.Bd2 Ngxe6 25.Rc1 Kg7 26.Bxe6 Qxe6 27.Be3 Rxc1 28.Qxc1 Rc8 29.Qa3 Qc4 30.Qxa7+ Rc7
31.Qb8 Ne6 32.Rf2 Qc6 33.h4 Rc8 34.Qa7+ Rc7 35.Qb8 Rc8 36.Qa7+ Rc7 37.Qa5 Qc3
38.Re2 Qd3 39.Kf2 Rf7 40.Rd2 Qxe4 41.Qb6 Rxf3+ 42.Ke2 Nd4+  0-1

[Event "SWZ-chT"]
[Site "SWZ"]
[Date "1995.??.??"]
[Round "4"]
[White "Mueller, L."]
[Black "Gallagher, Joseph G"]
[Result "0-1"]
[WhiteElo "2235"]
[BlackElo "2515"]

1.d4 Nf6 2.c4 g6 3.Nc3 Bg7 4.e4 d6 5.Nf3 O-O 6.Be2 e5 7.O-O Nc6 8.d5 Ne7
9.Nd2 a5 10.Rb1 Nd7 11.a3 f5 12.b4 Kh8 13.Qc2 Nf6 14.f3 c6 15.Nb3 axb4 16.axb4 Nh5
17.dxc6 Nxc6 18.b5 Nd4 19.Nxd4 exd4 20.Nd5 Be6 21.exf5 gxf5 22.Bd3 Rc8 23.Qf2 Rc5
24.Ba3 Bxd5 25.Bxc5 dxc5 26.cxd5 Nf4 27.Bc4 Nxd5 28.Bxd5 Qxd5 29.Rfe1 d3
30.Qd2 c4 31.Rbd1 Rd8 32.b6 h6  0-1

[Event "SWZ-ch"]
[Site "SWZ"]
[Date "1995.??.??"]
[Round "5"]
[White "Nemet, Ivan"]
[Black "Forster, Richard"]
[Result "0-1"]
[WhiteElo "2395"]
[BlackElo "2370"]

1.d4 Nf6 2.c4 g6 3.Nc3 Bg7 4.e4 d6 5.Nf3 O-O 6.Be2 e5 7.O-O Nc6 8.d5 Ne7
9.Nd2 a5 10.b3 c5 11.dxc6 bxc6 12.c5 d5 13.Re1 Be6 14.Bb2 Rb8 15.Bf3 Qc7
16.exd5 cxd5 17.a4 e4 18.Nb5 Qf4 19.g3 Qh6 20.Be2 Ng4 21.Bxg4 Bxb2 22.Rb1 Bxg4
23.Qxg4 Qxd2 24.Re2 Qb4 25.Rexb2 Qxc5 26.Rd1 Nf5 27.Qe2 Rbd8 28.Qd2 e3 29.Rc2 Qb6
30.Qd3 Rfe8 31.Re2 exf2+ 32.Rxf2 Re3 33.Qd2 Rxb3 34.Kh1 Re8 35.Rxf5 gxf5
36.Qxd5 Qe6 37.Qd2 Qe4+ 38.Kg1 Qe3+ 39.Qxe3 Rbxe3 40.Kg2 Re2+ 41.Kf3 R2e4
42.Rd7 Rxa4 43.Nd6 Re6 44.Nxf5 h5 45.Nd4 Rf6+ 46.Ke3 Kh7 47.Rd5 Kg6 48.Rd8 Rf1
49.Rd6+ f6 50.Ne6 h4 51.Nf4+ Kf7 52.Rd7+ Ke8 53.Ra7 hxg3 54.hxg3 Rb1 55.Kf3 f5
56.Ne6 Rb3+ 57.Kg2 Rb2+ 58.Kh3 Rf2 59.Nc5 Ra3 60.Kh4 f4 61.Ra8+ Kf7 62.gxf4 Rxf4+
63.Kg5 Rf1 64.Ra7+ Ke8 65.Kg4 Ra2 66.Ra8+ Ke7 67.Ra7+ Kf6 68.Ne4+ Ke5 69.Nc3 Ra3
70.Rc7 Rc1  0-1

[Event "AUS-ch"]
[Site "Sydney"]
[Date "1995.??.??"]
[Round "3"]
[White "Curtis, Ry"]
[Black "Jones, Brian"]
[Result "1-0"]
[WhiteElo "2045"]
[BlackElo "2280"]

1.d4 Nf6 2.c4 g6 3.Nc3 Bg7 4.e4 d6 5.Be2 O-O 6.Nf3 e5 7.O-O Nc6 8.d5 Ne7
9.Ne1 Ne8 10.Be3 f5 11.f3 f4 12.Bf2 g5 13.a4 Rf6 14.c5 Rg6 15.cxd6 cxd6 16.Nb5 h5
17.Nxa7 Bd7 18.a5 g4 19.Bb6 Qb8 20.Nb5 Nc8 21.Bf2 g3 22.hxg3 fxg3 23.Be3 Bxb5
24.Bxb5 Na7 25.Bd7 Qd8 26.Bh3 Nb5 27.Qa4 Nd4 28.Bxd4 exd4 29.Qd7 Qxd7 30.Bxd7 Bh6
31.f4 Nf6 32.Be6+ Kh8 33.Nd3 Rg7 34.Bf5 Rf8 35.a6 bxa6 36.Rxa6 Rd8 37.Rc1 Re7
38.Re1 Kg7 39.Ra4 Nxd5 40.exd5 Rxe1+ 41.Nxe1 Bxf4 42.Nf3 Kf6 43.Bd3 Rb8 44.b4 Rc8
45.Kf1 Rc3 46.Ke2 Rb3 47.Nxd4 Rb2+ 48.Nc2 Ke5 49.b5 h4 50.Re4+  1-0

[Event "AUS-ch"]
[Site "Sydney"]
[Date "1995.??.??"]
[Round "8"]
[White "Tao, Trevor"]
[Black "Fuller, Maxwell L"]
[Result "1-0"]
[WhiteElo "2420"]
[BlackElo "2275"]

1.d4 Nf6 2.c4 d6 3.Nf3 g6 4.Nc3 Bg7 5.e4 O-O 6.Be2 e5 7.O-O Nc6 8.d5 Ne7
9.Ne1 Ne8 10.f3 f5 11.g4 h5 12.g5 h4 13.Kh1 f4 14.Nd3 c5 15.Bd2 Bd7 16.a3 Nc8
17.Rg1 Rf7 18.b4 b6 19.Bf1 Bf8 20.Nf2 Ng7 21.Bh3 Nh5 22.Be6 Bxe6 23.dxe6 Rh7
24.Ng4 Qxg5 25.Nd5 Kh8 26.Bc3 Qd8 27.Nxf4 Nxf4 28.Nxe5 Kg8 29.Nxg6 Nxg6 30.Rxg6+ Bg7
31.Qg1 Qf8 32.Rf6 Ne7 33.Rxf8+ Rxf8 34.Rd1 Rxf3 35.Rxd6 Rf8 36.Rd7 Kh8 37.Rxe7 Bxc3
38.Rxh7+ Kxh7 39.e7 Re8 40.Qg5  1-0

[Event "AUS-ch"]
[Site "Sydney"]
[Date "1995.??.??"]
[Round "11"]
[White "Tao, Trevor"]
[Black "Curtis, Ry"]
[Result "1-0"]
[WhiteElo "2420"]
[BlackElo "2045"]

1.Nf3 Nf6 2.c4 g6 3.Nc3 Bg7 4.d4 O-O 5.e4 d6 6.Be2 e5 7.O-O Nc6 8.d5 Ne7
9.Ne1 Nd7 10.Bg4 f5 11.Bh3 Nf6 12.Qe2 c6 13.Bg5 cxd5 14.cxd5 h6 15.Bxf6 Bxf6
16.Nc2 fxe4 17.Bxc8 Rxc8 18.Rfd1 Qb6 19.Rab1 e3 20.Nxe3 Bg5 21.Nf1 Nf5 22.Ne4 Nd4
23.Qd3 Kg7 24.Nxg5 hxg5 25.Ne3 Rf4 26.h3 Rcf8 27.Rd2 R8f7 28.Rc1 Nf5 29.Qc3 Qa6
30.b3 Nd4 31.Qb2 Kh7 32.Rc8 Nf5 33.Ng4 Nd4 34.Kh2 Qb5 35.Ne3 Nf5 36.Qc3 Nxe3
37.Qxe3 g4 38.hxg4 Kg7 39.Rdc2 Qb4 40.Qh3 Rf8 41.R2c7+  1-0

[Event "HUN-SLO juniors"]
[Site "Szentgotthard"]
[Date "1995.??.??"]
[Round "?"]
[White "Gyimesi, Zoltan"]
[Black "Riegler, Primoz"]
[Result "1-0"]
[WhiteElo "2500"]
[BlackElo "2335"]

1.d4 Nf6 2.c4 g6 3.Nc3 Bg7 4.e4 d6 5.Be2 O-O 6.Nf3 e5 7.O-O Nc6 8.d5 Ne7
9.Ne1 Ne8 10.Nd3 f5 11.Bd2 Kh8 12.Rc1 Nf6 13.f3 c5 14.dxc6 Nxc6 15.Be3 Be6
16.b3 Rf7 17.Qd2 Qf8 18.Rcd1 Rd8 19.Kh1 b6 20.a3 Na5 21.Nxe5 Rc7 22.b4 Nxc4
23.Nxc4 Bxc4 24.exf5 gxf5 25.Bxc4 Rxc4 26.Nb5 Ne8 27.Nxa7 d5 28.Bxb6 Rd7
29.Nb5 Nf6 30.Nd4 Nh5 31.Ne6 Qf7 32.Nxg7 Nxg7 33.Bd4  1-0